[Event "Boffres"]
[Site "Boffres"]
[Date "2015.05.08"]
[Round "3"]
[White "Tempestini, Marc"]
[Black "Gagnepain, Laurent"]
[Result "0-1"]
[WhiteElo "1790"]
[BlackElo "1862"]
[PlyCount "128"]
[EventDate "2015.05.08"]
[EventType "game"]
[EventRounds "9"]
[EventCountry "FRA"]
[SourceTitle "EXT 2016"]
[Source "ChessBase"]
[SourceDate "2015.10.08"]
[SourceVersion "1"]
[SourceVersionDate "2015.10.08"]
[SourceQuality "1"]

1. e4 c6 2. d4 d5 3. Nc3 dxe4 4. Nxe4 Bf5 5. Ng3 Bg6 6. Nf3 Nd7 7. h4 h6 8. h5 Bh7 9. Bd3 Bxd3 10. Qxd3 e6 11. Bf4 Qa5+ 12. Bd2 Bb4 13. c3 Be7 14. Bf4 Ngf6 15. Ne5 Nd5 16. Qf3 Nxf4 17. Qxf4 Nxe5 18. dxe5 Bg5 19. Qe4 0-0-0 20. 0-0 Rd2 21. b4 Qb6 22. a4 Rhd8 23. Qc4 Be7 24. Ne4 R2d5 25. a5 Qb5 26. Qxb5 Rxb5 27. f4 Rbd5 28. Rf3 a6 29. Kf1 Rd3 30. Rxd3 Rxd3 31. Ke2 Rd5 32. Rc1 f5 33. Nd2 Rd7 34. Nc4 Kc7 35. Nb6 Rd8 36. Rb1 Bh4 37. Ke3 Be7 38. c4 c5 39. b5 Rd4 40. bxa6 bxa6 41. g3 Kc6 42. Nc8 Bd8 43. Nd6 Bc7 44. Ne8 Bxa5 45. Nxg7 Bb4 46. Nxe6 Rd7 47. Nf8 Rd8 48. Ng6 Rd7 49. e6 Rd8 50. e7 Re8 51. Rd1 Kc7 52. Rd5 a5 53. Rxf5 a4 54. Rd5 a3 55. Rd1 Bc3 56. Kd3 Bd4 57. Kc2 a2 58. Rxd4 a1Q 59. Rd5 Qa4+ 60. Kd3 Qb3+ 61. Kd2 Qxc4 62. Rd7+ Kc8 63. Ne5 Qe6 64. Ra7 Rxe7 0-1